00726 a2200181 4500000002100000001000700021005001700028008004100045082002000086100001800106245004600124260002800170300001000198690013500208700002200343999001300365952016600378BKB 06601920200902145619.0  a791.43616bG51G1 aGlover, David1 aGenderscby David Glover and Cora Kalplan aLondonbRoutledgec2007 a177p. aSex role; Sociology; Sex; Criticism; Feminism; Sex role in literature; Gender identity in literature; Sex differences (Psychology) aKalplan, Corabc c228d228 00102ddc40708TXBaCURAJbCURAJcENGd2012-03-07eENGfRawat Jaipg240.00i1002/15-03-2010o791.43616 G51Gp305r2024-11-21w2020-09-02yBKzRoutledge, London